000 004950000a22001810004500
003 MACL
005 20160130170407.0
008 160130b xxu||||| |||| 00| 0 eng d
040 _aMACL
_cMACL
041 _aEnglish
082 _a540/ARI
100 _aArihant Prakashan, Meerut
_936296
245 _aChapter W̜ise Solutions Of AIEEE Chemistry
_bWith 10 Mock Tests
260 _bArihant Prakashan,Meerut
_aMeerut
350 _a125
650 _aExam Papers
_936297
942 _cBK
_k540/ARI
_2ddc
999 _c44753
_d44753